Govt. of
Madhya Pradesh

गांधी भारत से पहले शुरुआती जीवन और राजनीति सफर (Record no. 66383)

MARC details
000 -LEADER
fixed length control field 00540nam a22001577a 4500
003 - CONTROL NUMBER IDENTIFIER
control field macl
005 - DATE AND TIME OF LATEST TRANSACTION
control field 20231108123411.0
008 - FIXED-LENGTH DATA ELEMENTS--GENERAL INFORMATION
fixed length control field 231108b |||||||| |||| 00| 0 eng d
040 ## - CATALOGING SOURCE
Transcribing agency macl
082 ## - DEWEY DECIMAL CLASSIFICATION NUMBER
Classification number 320
100 ## - MAIN ENTRY--PERSONAL NAME
Personal name रामचंद्र गुहा
245 ## - TITLE STATEMENT
Title गांधी भारत से पहले शुरुआती जीवन और राजनीति सफर
260 ## - PUBLICATION, DISTRIBUTION, ETC. (IMPRINT)
Place of publication, distribution, etc. भारत
Name of publisher, distributor, etc. पेंगुइन बुक्‍स
Date of publication, distribution, etc. 2015
651 ## - SUBJECT ADDED ENTRY--GEOGRAPHIC NAME
Geographic name राजनीतिे
9 (RLIN) 61143
942 ## - ADDED ENTRY ELEMENTS (KOHA)
Source of classification or shelving scheme
Koha item type Hindi Books
Holdings
Withdrawn status Lost status Source of classification or shelving scheme Damaged status Not for loan Home library Current library Date acquired Cost, normal purchase price Total Checkouts Total Renewals Full call number Barcode Date last seen Date last checked out Price effective from Koha item type
          MACL MACL 08/11/2023 599.00 3 1 320 DPI001612 25/10/2025 16/09/2025 08/11/2023 Hindi Books